Argentino hasta la muerte /
Guardado en:
| Autor Principal: | |
|---|---|
| Otros Autores: | |
| Formato: | Libro |
| Publicado: |
Buenos Aires :
Aitué Chilcán,
2014
|
| Materias: | |
| Etiquetas: |
Agregar Etiqueta
Sin Etiquetas, Sea el primero en etiquetar este registro!
|
| LEADER | 00855nam a22002535a 4500 | ||
|---|---|---|---|
| 001 | CEM.cems018456 | ||
| 008 | 130507s2014##################000#0#####d | ||
| 005 | 20220214175753.0 | ||
| 003 | CEMS | ||
| 245 | 1 | 0 | |a Argentino hasta la muerte / |c César Fernández Moreno ; prólogo y Nota Biográfica de Inés Fernández Moreno |
| 260 | |a Buenos Aires : |b Aitué Chilcán, |c 2014 | ||
| 300 | |a 80 p. | ||
| 020 | |a 9789874545404 | ||
| 100 | 1 | |a Fernández Moreno, César | |
| 700 | 1 | |a Fernández Moreno, Inés, pról. | |
| 082 | 0 | 4 | |a A861.4 |
| 653 | |a Literatura | ||
| 653 | |a Literatura argentina | ||
| 653 | |a Poesías | ||
| 653 | |a Poesía argentina | ||
| 653 | |a Colección Juan Gelman | ||
| 653 | |a Biblioteca Juan Gelman | ||
| 859 | |a CEMS |b BIB. CEMS - Agricultura |h A861.4 |i F391 |p A2271.15 |t Ej.1 | ||
| 859 | |a CEMS |b BIB. CEMS - 11 de abril |h A861.4 |i F391-7 |p 27090.14 |t Ej.1 | ||
